Oeuvres sociales de W.E. Channing / (Record no. 48147)
[ view plain ]
| 000 -LEADER | |
|---|---|
| campo de control de longitud fija | 00671nam a22001815i 4500 |
| 001 - NÚMERO DE CONTROL | |
| campo de control | 48147 |
| 003 - IDENTIFICADOR DE NÚMERO DE CONTROL | |
| campo de control | ES-MaACL |
| 005 - FECHA Y HORA DE LA ÚLTIMA TRANSACCIÓN | |
| campo de control | 20230906161713.0 |
| 007 - CAMPO FIJO DE DESCRIPCIÓN FÍSICA--INFORMACIÓN GENERAL | |
| campo de control de longitud fija | t| |
| 008 - DATOS DE LONGITUD FIJA--INFORMACIÓN GENERAL | |
| campo de control de longitud fija | 950707s1854 fr ||||1| fre d |
| 040 ## - FUENTE DE CATALOGACIÓN | |
| Centro catalogador/agencia de origen | CAM |
| Lengua de catalogación | spa |
| Centro/agencia transcriptor | CAM |
| 100 1# - ENTRADA PRINCIPAL--NOMBRE DE PERSONA | |
| Nombre de persona | Channing, Williams Ellery. |
| 9 (RLIN) | 37978 |
| 245 10 - MENCIÓN DEL TÍTULO | |
| Título | Oeuvres sociales de W.E. Channing / |
| Mención de responsabilidad, etc. | traduites de l'anglais, prédédés d'un essai sur la vie et les doctrines de Channing et d'une introduction par Edouard Laboulaye. |
| 260 ## - PUBLICACIÓN, DISTRIBUCIÓN, ETC. | |
| Lugar de publicación, distribución, etc. | Paris : |
| Nombre del editor, distribuidor, etc. | Librairie Comon, |
| Fecha de publicación, distribución, etc. | 1854 ( |
| Fabricante | L. Grimaux et Cie) |
| 300 ## - DESCRIPCIÓN FÍSICA | |
| Extensión | [4], LXV, [2], 512 p. ; |
| Dimensiones | 18 cm. |
| 700 1# - ENTRADA AGREGADA--NOMBRE PERSONAL | |
| Nombre de persona | Laboulaye, Édouard ( |
| Fechas asociadas al nombre | 1811-1883) |
| 9 (RLIN) | 69262 |
| 852 ## - LOCALIZACIÓN | |
| Ubicación | ES-MaACL |
| Número de control de estantería | F-13417 |
| Estatus retirado | Estado de pérdida | Estado de daño | No para préstamo | Colección | Biblioteca de origen | Biblioteca actual | Ubicación en estantería | Fecha de adquisición | Fuente de adquisición | Total de préstamos | Signatura topográfica completa | Código de barras | Visto por última vez | Precio de reemplazo | Tipo de ítem Koha |
|---|---|---|---|---|---|---|---|---|---|---|---|---|---|---|---|
| Libros del s. XIX | Biblioteca del Ateneo de Madrid | Biblioteca del Ateneo de Madrid | Sala Pecera Planta 2 | 17/01/2008 | F-13417 | 1050673 | 23/02/2023 | 23/02/2023 | Libro impreso antiguo |
